El fantasma de Canterville /
محفوظ في:
| المؤلف الرئيسي: | |
|---|---|
| مؤلفون آخرون: | |
| التنسيق: | كتاب |
| اللغة: | الإسبانية |
| منشور في: |
México :
Alianza,
1993, c1993
|
| سلاسل: | (Alianza Cien) [s.n.]
(Textos Completos) |
| الموضوعات: | |
| الوسوم: |
لا توجد وسوم, كن أول من يضع وسما على هذه التسجيلة!
|
MARC
| LEADER | 00000nam^a2200000^a^4500 | ||
|---|---|---|---|
| 001 | 000621120 | ||
| 005 | 20250923000000.0 | ||
| 009 | 20260310133852.318 | ||
| 020 | |a 968-39-0976-0 | ||
| 037 | |a Acervo ITESO - Biblioteca | ||
| 041 | |a ESP | ||
| 082 | |a 823. |b WIL | ||
| 100 | |a Wilde, Oscar |e (autor) | ||
| 245 | 1 | 3 | |a El fantasma de Canterville / |c O. Wilde ; tr. por J. Gómez de la Serna. |
| 264 | 4 | |a México : |b Alianza, |c 1993, c1993 | |
| 300 | |a 61 p. | ||
| 336 | |a texto |b txt |2 rdacontenido | ||
| 337 | |a sin mediación |b n |2 rdamedio | ||
| 338 | |a volumen |b nc |2 rdasoporte | ||
| 440 | 1 | |a (Alianza Cien) [s.n.] | |
| 440 | 1 | |a (Textos Completos) | |
| 500 | |a Traducción de: The Canterville Ghost | ||
| 545 | 0 | |a Oscar Wilde (1854-1900), escritor irlandés nacido en Dublín. Alternó su residencia entre Londres y París, además frecuentó Italia, Grecia y el norte de Africa. Su obra es inseparable de su vida, atravesada lo mismo por el esteticismo, que por la conciliación y pugna entre la rebelión y el elogio a la sociedad victoriana. Fue condenado por homosexualidad a dos años de trabajos forzados en 1895; cumplida su pena, se refugió en Francia dónde murió. Entre sus creaciones podemos citar: Poemas (1881); El príncipe feliz (1888), que reeditó corregida como Una casa de granadas (1891); La decadencia de la mentira (1889); El crimen de lord Arthur Savile (1891); El retrato de Dorian Gray (1891); Intenciones (1891); Salomé (1891); El alma del hombre bajo el socialismo (1891), que contienen su doctrina estética; Un marido ideal (1895); La importancia de llamarse Ernesto (1895); y Balada de la cárcel de Reading (1898). | |
| 649 | |a XX | ||
| 650 | |a Fantasmas | ||
| 650 | |a Cuentos Irlandeses | ||
| 650 | |a Decadentismo - |z Irlanda | ||
| 650 | |a Literatura en Inglés - |z Irlanda | ||
| 650 | |a Literatura Irlandesa - |y Siglo XIX | ||
| 700 | |a Gómez de la Serna, Julio |e (traducción) | ||
| 910 | |a Fondo Castillo-Martínez | ||
| 920 | |a Impresos - Libros | ||
| 930 | |a Fondos Especiales | ||
| 940 | |a Literatura | ||
| 905 | |a 127 | ||
| 901 | |a 621652-10 |b IT2 |c ESP |i D126658 |u 20250923 | ||
| 902 | |a https://opac.biblio.iteso.mx/vufind/Record/000621120 | ||